LEADER 01246nam0 22003131i 450 001 RML0316062 005 20231121125754.0 100 $a20121121d2010 ||||0itac50 ba 101 | $aeng 102 $agb 181 1$6z01$ai $bxxxe 182 1$6z01$an 200 1 $aLearning to compete in european universities$efrom social institution to knowledge business$fedited by Maureen McKelvey and Magnus Holmén 205 $a1. ed. 2009 210 $aCheltenham $cEdward Elgar $dstampa 2010 215 $aXV, 374 p.$d24 cm. 606 $aCompetitivitŕ$2FIR$3RMLC387809$9I 606 $aIstruzione superiore$xeuropa$2FIR$3RMLC423571$9I 676 $a379.4$9$v21 702 1$aHolmén$b, Magnus$3RMLV203967 702 1$aKelvey$b, Maureen D.$3RMLV203968 801 3$aIT$bIT-01$c20121121 850 $aIT-FR0098 899 $aBiblioteca Area Giuridico Economica$bFR0098 912 $aRML0316062 950 0$aBiblioteca Area Giuridico Economica$d 53ATENE 20/51$e 53VM 0000866295 VM barcode:BAGE019810. - Inventario:6839. - Fondo:Patrimonio Amm.ne Centrale - CSB AGEVM$fA $h20110217$i20121204 977 $a 53 996 $aLearning to compete in european universities$9781600 997 $aUNICAS